000 00874nam a2200277 i 4500
001 74605
003 BD-RjUL
005 20211209082558.0
008 181031s2015 ii ||||| b||| 001 0 eng d
020 _a9788131300398
035 _a(BD-RjUL)74823
040 _aBD-RjUL
_beng
_cBD-RjUL
041 _aeng
082 _223
_a302.231
_bRAM 2015
100 _aRamanujam, R.C.
_eauthor
_9224609
245 _aMass communication and its digital transformation /
_cR.C. Ramanujam.
264 1 _aNew Delhi :
_bA P H Publishing,
_c2015
300 _aviii, 289 pages ;
_c23 cm
336 _atext
_2rdacontent
337 _aunmediated
_2rdamedia
338 _avolume
_2rdacarrier
504 _aIncludes Bibliographical reference and index.
650 _aDigital media
_xSocial aspects.
_9224610
650 _aMass media
_xTechnological innovations.
_9224611
942 _2ddc
_cBK
999 _c74605
_d74605